ბათუმის შოთა რუსთაველის სახელმწიფო უნივერსიტეტის ბიბლიოთეკა

მმართველობითი აღრიცხვა. (ბიბ.ჩანაწერი № 40450)

000 -LEADER
fixed length control field 01310nam a2200265Ia 4500
001 - CONTROL NUMBER
control field 7059
003 - CONTROL NUMBER IDENTIFIER
control field GE_BSU
008 - FIXED-LENGTH DATA ELEMENTS--GENERAL INFORMATION
fixed length control field 181216s||||||||xx |||||||||||||| ||und||
020 ## - INTERNATIONAL STANDARD BOOK NUMBER
International Standard Book Number 9789941160264.
040 ## - CATALOGING SOURCE
Transcribing agency GE_BSU
080 ## - UNIVERSAL DECIMAL CLASSIFICATION NUMBER
Universal Decimal Classification number 657+005.932.5+005.642.8+330.44+336.532.1+657
100 ## - MAIN ENTRY--PERSONAL NAME
Personal name ტკინსონი,ა.ენტონი;კაპლანი,ს.რობერტ;მათსუმურა,ელამეა;იგანი,მარკ ს.
245 ## - TITLE STATEMENT
Title მმართველობითი აღრიცხვა.
245 ## - TITLE STATEMENT
Remainder of title სახელმძღვ.
245 ## - TITLE STATEMENT
Statement of responsibility, etc. მთარგმნ.ნათია მორჩილაძე;მეცნ.რედ:ეკა გეგეშიძე;ლიტ.რედ:მერაბ ცაგარეიშვილი;წინასიტყვ.რალფ კან ტერი.
250 ## - EDITION STATEMENT
Edition statement მე-5გამოც.
260 ## - PUBLICATION, DISTRIBUTION, ETC.
Place of publication, distribution, etc. თბილისი.
260 ## - PUBLICATION, DISTRIBUTION, ETC.
Name of publisher, distributor, etc. საქართველოს მაცნე.
260 ## - PUBLICATION, DISTRIBUTION, ETC.
Date of publication, distribution, etc. 2009-XXIV
300 ## - PHYSICAL DESCRIPTION
Extent 662გვ;26სმ.
300 ## - PHYSICAL DESCRIPTION
Other physical details ფოტ;ცხრ;ლექსიკონი:გვ.647-657.საძიებელი:გვ.658-662.
653 ## - INDEX TERM--UNCONTROLLED
Uncontrolled term მმართველობითი აღრიცხვა.
942 ## - ADDED ENTRY ELEMENTS (KOHA)
Koha item type წიგნი
ეგზემპლარები
Withdrawn status Lost status Damaged status Not for loan Date acquired Barcode Date last seen Price effective from Koha item type
        2018-12-17 22966 2018-12-17 2018-12-17 წიგნი
        2018-12-17 22967 2018-12-17 2018-12-17 წიგნი
        2018-12-17 22968 2018-12-17 2018-12-17 წიგნი
        2018-12-17 22969 2018-12-17 2018-12-17 წიგნი
        2018-12-17 22970 2018-12-17 2018-12-17 წიგნი